00317cam a22001097a 4500008004000000082001600040100002200056245006700078260002500145300001500170650002200185180718b1960 xxu||||| |||| 00| 0 eng d aA6x635 T728 aTrevaskis, G.K.N. aEritrea: a colony in transition: 1941-52.cby G.K.N. Trevaskis aLondonbOxfordc1960 aviii, 137p aEritrea -History.